| 000 | 010500000a22002530004500 | ||
|---|---|---|---|
| 001 | 62 | ||
| 003 | CO-MdFUSB | ||
| 005 | 20160513155255.0 | ||
| 008 | 160513t1983 sp ||||f |||| 00| 0 spa d | ||
| 020 | _a84-7151-351-X | ||
| 040 |
_aCO-MdFUSB _bEspañol _cCO-MdFUSB _dCO-MdFUSB |
||
| 041 | 0 | _aspa | |
| 082 | 0 | 4 | _aR 220.3 P294e |
| 245 | 1 | 0 |
_aEnciclopedia de la Biblia _c/ Alexander Pat, Director; Pedro Rodríguez Santidrián, Traductor. |
| 264 |
_aNavarra, España _b : Verbo Divino, _c1983 |
||
| 300 | _a326 Pag. | ||
| 336 |
_2rdacontent _a1 _ba1 |
||
| 337 |
_2rdamedia _a2 _b5 |
||
| 338 |
_2rdacarrier _a2 _b5 |
||
| 500 | _aTítulo original: The encyclopedia of the Bible. | ||
| 505 | _a1. El entorno de la Biblia 2. Arqueología y biblia 3. Historia de la biblia 4. Temas y acontecimientos clave de la biblia 5) Religión y culto en la biblia 6. Personajes bíblicos 7. vida doméstica y familiar en la biblia 8. Trabajo y sociedad en la biblia 9. Lugares bíblicos 10. Atlas bíblico | ||
| 653 |
_aBIBLIA _a - USOS Y COSTUMBRES |
||
| 942 | _cBK | ||
| 999 |
_c31614 _d31614 |
||